| 000 | 01249nam a2200301 a 4500 | ||
|---|---|---|---|
| 001 | 000003719 | ||
| 003 | DO-SdBNP | ||
| 005 | 20220721100951.0 | ||
| 007 | ta | ||
| 008 | 090713s2000 dr ac 000 0 spa d | ||
| 020 | _a8449411254 | ||
| 040 |
_aDO-SdBNP _bspa _cBNPHU |
||
| 049 | _aBNPD | ||
| 082 | 4 |
_aR 370.3 _bE56g _222 |
|
| 245 | 0 | 0 |
_aEnciclopedia general de la educación / _cdirección Carlos Gispert ; prólogo Joan Mateo Andrés. |
| 260 |
_aBarcelona : _bOcéano, _c2000. |
||
| 300 |
_a3 v. : _bil., retrs. ; _c27 cm. |
||
| 505 | 2 |
_gv. 1-- _tUn marco psicológico global para la educación escolar / _rCésar Coll Salvador -- _gv. 2 _tEvaluación e investigación / _rJuan Mateo Andrés -- _gv. 3 _tDidácticas específicas / _rYves Chevallard. |
|
| 650 | 4 |
_aEducación _vDiccionarios y enciclopedias _92329 |
|
| 650 | 4 |
_aEducación primaria _vDiccionarios y enciclopedias _911328 |
|
| 650 | 4 |
_aPsicopedagogía _vDiccionarios y enciclopedias _911329 |
|
| 650 | 4 |
_aEducación especial _vDiccionarios y enciclopedias _911330 |
|
| 650 | 4 |
_aPedagogía. _vDiccionarios y enciclopedias _92330 |
|
| 700 | 1 |
_aGispert, Carlos _911248 |
|
| 700 | 1 |
_aMateo Andrés, Joan, _epról. _911331 |
|
| 910 | _aValidado. Control de calidad MMOLINA | ||
| 942 |
_2ddc _cLBS1 |
||
| 999 |
_c3541 _d3541 |
||